| 000 | 00778nam a2200337Ia 4500 | ||
|---|---|---|---|
| 008 | 210210b2011 xxu||||| |||| 00| 0 eng d | ||
| 020 | _a9781936871026 | ||
| 041 | _aeng | ||
| 082 | _a005.55 ABUU | ||
| 100 | _aABU BADER (Soleman Hassan) | ||
| 245 | _aUsing statistical methods in social science research with a complete SPSS guide Ed 2 | ||
| 250 | _a | ||
| 260 |
_aChicago _bLyceum _c2011 |
||
| 300 | _axviiii,375 | ||
| 650 | _awith | ||
| 650 | _aUsing | ||
| 650 | _astatistical | ||
| 650 | _aSPSS | ||
| 650 | _asocial | ||
| 650 | _ascience | ||
| 650 | _aresearch | ||
| 650 | _amethods | ||
| 650 | _ain | ||
| 650 | _aguide | ||
| 650 | _aEd | ||
| 650 | _acomplete | ||
| 650 | _aa | ||
| 650 | _a2 | ||
| 690 | _aComputer Science | ||
| 906 | _a067220 | ||
| 999 |
_c149589 _d149589 |
||